000 00581nam a22001937a 4500
999 _c14740
_d14740
003 AR-CdUCM
008 190424b ||||| |||| 00| 0 spa d
020 _a978-84-9101-272-6
040 _aMUNICIPALIDAD PROVINCIAL DEL CUSCO
_cBIBLIOTECA MUNICIPAL DEL CUSCO
082 _aPI / 376.1 /
_bC73
100 _aGusti Porcella, Teresa
_933615
245 _a¡Dilo!
260 _aBarcelona ;
_bCombel,
_c2017.
300 _bIlustraciones
_c17 cm.
440 _aCaballo ¡arre,caballito!
_933616
650 _aTexto infantil
_929090
942 _2ddc
_cLIBROS
945 _arjall
_d2019-04-28